| 000 | 01180nam a22002897a 4500 | ||
|---|---|---|---|
| 999 |
_c14530 _d14530 |
||
| 003 | EG-ScBUE | ||
| 005 | 20210124124621.0 | ||
| 008 | 100722t1960 ua f 000 1 ara d | ||
| 040 |
_aEG-ScBUE _bara _erda _cEG-ScBUE _dEG-ScBUE |
||
| 041 | 1 |
_aara _heng |
|
| 082 | 0 | 4 |
_a813.4 _bر و ب _222 |
| 100 | 1 |
_916690 _aروبنسون، هنري مورتن، _d1898-1961، _eمؤلف. |
|
| 245 | 1 | 2 |
_aالكاردينال : _bقصة تاريخية اجتماعية / _cهنري مورتن روبنسون ؛ ترجمة أنطون سليم صايغ. |
| 260 | _c1960. | ||
| 264 | 1 |
_aالقاهرة : _bدار المعارف، _c1960. |
|
| 300 |
_a770 صفحة ؛ _c24 سم |
||
| 336 |
_2rdacontent _aنص _btxt |
||
| 337 |
_2rdamedia _aبدون وسيط _bn |
||
| 338 |
_2rdacarrier _aمجلد _bnc |
||
| 541 |
_aألف باء ؛ _cشراء ؛ |
||
| 546 | _aالنص باللغة العربية وتم ترجمته من اللغة الإنجليزية. | ||
| 650 | 7 |
_916702 _aالقصص الأمريكية _yقرن 20. _2BUEsh |
|
| 653 |
_bHHUUEENN _cJanuary2021 |
||
| 655 |
_vReading book _934232 |
||
| 700 | 1 |
_916703 _aصايغ، أنطون سليم، _eمترجم. |
|
| 942 |
_2ddc _cBB |
||